000 02911nkm0a2200445 4500
001 RU\NLR\DIGIT\525821
005 20260204000000.0
035 _a(NLR Aleph) 010459966
090 _a78463
_c78463
100 _a20140808d1942 m y0rusy50 ca
101 0 _arus
102 _aRU
116 _adiycxx zz ad
135 _acrcn 024anaba
200 1 _aБалтийский командир решительный, умелый, подводник Грищенко бьет метко по врагам...
_e[Лубок]
_fХудож. П. Мальцев
210 _a[Ленинград]
_cВоенмориздат
_d1942
215 _a1 л.
_d64x44 см
325 _aКопия доступна в электронной библиотеке РНБ
327 0 _aПодводная лодка и разбитые фашистские корабли. Слева - портрет капитана 2-го ранга П.Д. Грищенко
517 1 _aБоевой славой покрыли себя подводники Краснознаменной Балтики...
540 1 _aТоварищи подводники! По примеру подводной лодки командира тов. Грищенко беспощадно топите вражеские корабли, уничтожайте его технику и живую силу!
606 1 _aБлокада Ленинграда
_z1941 - 1944
_jПлакаты
_2nlr_sh1
_2nlr_sh2
_3RU\NLR\AUTH\661253360
608 _aПлакаты общественно-политические
_2nlr-sh2
610 0 _aЛубки
702 1 _aМальцев
_bП.Т.
_cсоветский живописец
_f1907-1993
_gПетр Тарасович
_4040
702 1 _aГрищенко
_bП.Д.
_cсоветский военный деятель, капитан 1-го ранга
_f1908-1991
_gПетр Денисович
_4570
801 2 _aRU
_bNLR
_c20140808
_2rusmarc
830 _aВ каталоге "ЛЕНИНГРАД В ВЕЛИКОЙ ОТЕЧЕСТВЕННОЙ ВОЙНЕ : Печать Ленинграда, 1941 - 1945 : каталог изданий, хранящихся в фондах Гос. Публ. б-ки, вып.2. Листовки, плакаты, открытки, альбомы" (Ленинград, 1972) не значится
852 _aNLR
_bЛ3-310 п
_j7/1-33
856 0 _uhttp://vivaldi.nlr.ru/la000070036/view
856 1 _uhttp://vivaldi.nlr.ru/la000070036/cover
856 2 _uhttp://vivaldi.nlr.ru/la000070036/text
942 _cVISUAL
945 _aРоссийская национальная библиотека
980 _aNB
980 _aBV
981 3 7 _a(37) Ленинград в Великой Отечественной войне
981 1 7 _a(17) Изографические материалы
_b(17) Плакаты